000 00450cam a2200181ua 4500
001 8917
008 150218n ii |||gr||||Z||||||asm
040 _cMAIN
041 _aasm
082 _a891.4513
100 _aBardoloi, R. K.,
_eAuthor.
245 1 _aTamreswarir mandir
_cBy Rajani Kanta Bardoloi
250 _a1st.
260 _aGuwahati:
_bSahitya,
_c1985.
300 _a84p.
653 _aEast Indo-European & Celtic literatures
942 _cBK
999 _c8011
_d8011